History of Football by Decade A-Z - 2010s - Statistics

General Stats
  • This quiz has been taken 399 times
  • The average score is 19 of 26
Answer Stats
Letter Hint Answer % Correct
F After almost 1500 matches coaching Mancheter United, this legendary scottish coach retired Sir Alex Ferguson
93%
N He became the most expensive transfer of a football player ever Neymar Jr
92%
A Twice runner-up in the Champions League against their city main rivals Atlético de Madrid
91%
Q Kun Agüero scored a late screamer against this team to secure the first league title for Manchester City in over 40 years Queens Park Rangers
88%
M He was the only player to break the Messi-Cristiano tyranny in the male Ballon d'Or award Luka Modric
86%
S Kings of the UEFa Europa League, they managed to win three trophies in a row during this decade Sevilla FC
85%
G During overtime, he scored the goal that made Germany a world champions for the fourth time in male football Mario Götze
84%
Z He is the first ever coach to win three UEFA Champions League titles in a row Zinedine Zidane
84%
K He became the all time top scorer in the male FIFA World Cup Miroslav Klose
83%
P Magnificient playmaker that retired in 2017 after playing for the three big teams of Italy Andrea Pirlo
82%
W Official song of 2010 Southafrica FIFA World Cup Waka Waka (It's time for Africa)
80%
J This team has a record of winning nine consecutive league titles of their country (eight of which were in this decade) Juventus FC
77%
L After a traumatic promotion playoff loss, only three years after they managed to win their national league tournament for the first time ever Leicester City
77%
O Thi team dominated the UEFA Women's Champions League, playing seven finals and winning six titles Olympique Lyonnais
76%
Y This trophy was created to award the best goalkeeper of the year Yashin Trophy
76%
U In 2019 this team managed to promote to Bundesliga for the first time since Germany was unified Union Berlin
74%
D He coached his national team to their second ever FIFA World Cup win. In the first one, he was the captain on the pitch Didier Deschamps
73%
I In 2016 he became the FIFA president Gianni Infantino
72%
B This couple of brothers was the first one to ever face each other in a FIFA World Cup playing for two different national teams (only surname) Boateng
69%
R They suffered their first ever demotion to the second division and then won the Copa Libertadores in only four years River Plate
67%
E Name by which is known the player who scored the goal that allowed Portugal to win their first ever UEFA Euro tournament Ederzito António Macedo Lopes (Éder)
66%
V In 2019 he was awarded Player of the Year in Premier League and Champions League, and was runner-up in the Ballon d'Or Virgil Van Dijk
66%
X This couple of brothers was the first one to ever face each other in a UEFA Euro playing for two different national teams (only surname) Xhaka
57%
T Home hero that scored the first ever goal of a FIFA World Cup in African territory (this goal was later nominated as goal of the year) Lawrence Siphiwe Tshabalala
46%
C While travelling to play the final of Copa Sudamericana, this team suffered a fatal plane crash Chapecoense
38%
H She was the first ever female Ballon d'Or, and refused to play for her national team for several months as a protest to demand equal payment Ada Hegerberg
21%
No matching quizzes found
Score Distribution
Percent of People with Each Score
Percentile by Number Answered
Your Score History
You have not taken this quiz